| 000 | 00670nam a2200157 a 4500 | ||
|---|---|---|---|
| 008 | 071204s2006 ||||||||||||||||| || u | ||
| 050 | _aUNO(058)RHRC | ||
| 110 | _aUnited Nations Economic and Social Affairs (UNESA) | ||
| 245 | 1 | 0 | _aUnited Nations report of the Human Rights Committee, volume 1 |
| 246 | _aGeneral Assembly Official Records fifty-ninth session supplement no. 40 (A/59/40) | ||
| 260 |
_aNew York _bUNITED NATIONS _c2006 |
||
| 300 | _axiv, 192p. | ||
| 350 | _a0.00 | ||
| 650 | 0 | _aHUMAN RIGHTS | |
| 995 |
_D0.00 _FCBU-MAIN LIBRARY (Kitwe) _H1 _I0.00 _M1 _UAVAILABLE _WAug 26, 2008 _ZInternational Publications |
||
| 999 |
_c60855 _d60855 |
||